| 000 | 00341nam a2200133Ia 4500 | ||
|---|---|---|---|
| 008 | 150202s9999 xx 000 0 und d | ||
| 020 | _a6921035 | ||
| 050 |
_aFIC _bFIC |
||
| 100 | _aDanby, Mary. | ||
| 245 |
_aNightmares / _cMary Danby. |
||
| 260 |
_aGreat Britain : _bArmada, _c1983. |
||
| 300 |
_a128 pages : _c18 cm. |
||
| 650 | _aFiction. | ||
| 999 |
_c281953 _d281953 |
||